Statistics for Peru Immigration By Country

Click here to take the quiz!

General Stats

  • This quiz has been taken 46 times
  • The average score is 17 of 20

Answer Stats

TotalCountry% Correct
9,500Brazil
100%
10,090Chile
100%
1,18 milVenezuela
100%
9,040Argentina
97%
47,450Colombia
97%
18,200Ecuador
97%
6,130Mexico
97%
3,720Paraguay
97%
13,850United States
97%
14,500Spain
95%
11,170Bolivia
92%
5,650Germany
92%
5,100Japan
92%
13,390China
87%
4,550France
79%
3,960United Kingdom
79%
7,720Italy
77%
2,600Russia
64%
8,500South Korea
62%
4,900Philippines
41%

Score Distribution

Percentile by Number Answered

Percent of People with Each Score

Your Score History

You have not taken this quiz